000 01353pam a22003614a 4500
001 739901
003 ARRUPE
005 20150914115846.0
008 990105s1999 cau b 000 0 eng
010 _a 99011948
020 _a0804730326 (cloth : alk. paper)
020 _a0804730334 (pbk. : alk. paper)
040 _aDLC
_cDLC
_dDLC
041 1 _aeng
_hita
042 _apcc
050 0 0 _aBJ1012
_b.V3813 1999
082 0 0 _a170
_221
100 1 _aVarela, Francisco J.,
_d1946-
_914552
240 1 0 _aKnow-how per l'etica.
_lEnglish
245 1 0 _aEthical know-how :
_baction, wisdom, and cognition /
_cFrancisco J. Varela.
260 _aStanford, Calif. :
_bStanford University Press,
_c1999.
300 _aix, 85 p. ;
_c21 cm.
440 0 _aWriting science
_914562
500 _aOriginally presented as three lectures, delivered at the Università di Bologna.
504 _aIncludes bibliographical references (p. 79-85).
505 0 _aKnow-how and know-what -- On ethical expertise -- The embodiment of emptiness.
650 0 _aEthics.
_919787
650 0 _aKnowledge, Theory of.
_919788
906 _a7
_bcbc
_corignew
_d1
_eocip
_f19
_gy-gencatlg
942 _2lcc
_cMONOGRAPH
999 _c123389
_d123389